| 000 | 00000nas##2200000za#4500 |
| 001 | 9.503306 |
| 003 | CaOODSP |
| 005 | 20220224110941 |
| 007 | cr ||||||||||| |
| 008 | 150406c2000||||xxc|| p o||||f| |0fre|d |
| 022 | |a1497-2247 |
| 040 | |aCaOODSP|bfre |
| 043 | |an-cn--- |
| 086 | 1 |aFo76-1F-PDF |
| 110 | 2 |aConseil canadien des ministres des forêts. |
| 245 | 10|aCritères et indicateurs de l'aménagement durable des forêts au Canada. Bilan national |h[ressource électronique] |
| 260 | |aOttawa - Ontario : |bConseil canadien des ministres des forêt |
| 310 | |aAnnuel |
| 362 | 1 |a2000-2005 |
| 691 | 07|aPolitique forestière|2gcpds |
| 775 | 08|tCriteria and indicators of sustainable forest management in Canada - national status |w(CaOODSP)9.506910 |